[Event "25th Zadar Open 2018"]
[Site "Zadar"]
[Date "2018.12.20"]
[Round "7.3"]
[White "Omelja, Artem"]
[Black "Krzyzanowski, Marcin"]
[Result "1/2-1/2"]
[WhiteElo "2457"]
[BlackElo "2491"]
[Annotator "TA"]
[PlyCount "98"]
[EventDate "2018.12.15"]
[EventType "swiss"]
[EventCountry "CRO"]
[SourceTitle "playchess.com"]
[Source "ChessBase"]
[SourceQuality "1"]

{[%evp 21,98,65,68,62,74,51,64,59,65,70,52,58,88,76,72,66,77,77,93,91,91,86,105,89,91,93,97,97,103,89,90,91,87,78,102,62,107,60,55,32,46,25,85,86,86,70,97,62,85,39,112,113,124,133,142,154,141,141,160,102,130,108,110,97,110,116,142,0,0,0,0,0,0,0,0,0,0,0,0]} 1. Nf3 Nf6 2. c4 g6 3. Nc3 c5 4. d4 Bg7 5. e4 cxd4 6. Nxd4 d6 7. Be2 O-O 8. O-O b6 9. Be3 Bb7 10. f3 Nc6 11. Qd2 Rc8 {LiveBook: 27 Games} 12. Rad1 {B38: Sicilian: Maroczy Bind with 5...Bg7 and 7...0-0} (12. Rac1 Nxd4 13. Bxd4 Nd7 14. Be3 Re8 15. Rfd1 Qc7 16. Nd5 Qb8 17. Bg5 Kf8 18. b3 a6 19. Be3 Ba8 20. h4 {½-½ (29) Mousavi,S (2458)-Shanava,K (2499) Khomein 2018}) 12... Nh5 $146 ({Predecessor:} 12... Qc7 13. g4 Nxd4 14. Bxd4 a6 15. g5 Nd7 16. Bxg7 Kxg7 17. f4 Qc5+ 18. Qd4+ Qxd4+ 19. Rxd4 Nc5 20. Bg4 Rc7 21. Rfd1 h5 {½-½ (21) Hahn,W-Kreiling,C (2093) Griesheim 2000}) 13. Rfe1 Nf4 14. Bf1 {White is slightly better.} Nxd4 15. Bxd4 Bxd4+ 16. Qxd4 f6 17. g3 Ne6 18. Qe3 Ng7 19. f4 Kh8 20. b3 Qd7 21. Bg2 Rc5 22. h3 Qc8 23. Kh2 Ba8 24. Rd2 Bb7 25. Nd5 Qe6 26. Qf2 Qf7 27. Ree2 h5 28. Qe3 Kh7 29. Qd3 e5 30. Nc3 h4 $1 31. gxh4 exf4 (31... Nh5 $11 {keeps the balance.}) 32. Qxd6 $16 Re5 33. Rf2 Ne6 34. Qd7 Rh5 35. Nd5 {Black must now prevent Nxf6+.} (35. Nb5 {with more complications.} Kh6 36. Qxf7 Rxf7 37. Rd6 Bc8 38. Bf3) 35... Qxd7 {[#]} ({Better is} 35... Rxh4 $14 36. Nxf6+ Kg7) 36. Nxf6+ $1 {[%mdl 576] Discovered Attack} Rxf6 37. Rxd7+ Kh6 {Hoping for ...Bc8.} 38. Rxb7 Rxh4 39. Rxa7 Ng5 40. Ra6 (40. Ra8 $142) 40... f3 41. e5 Rff4 {[#]} 42. Bf1 $1 ({Of course not} 42. Rxb6 $6 fxg2 43. Kxg2 Rd4 $11) 42... Ne4 43. Rc2 f2 {[#]} 44. Rxb6 (44. Rc1 $1 $16) 44... Rf3 $11 {( -> ...Rfxh3+!). The position is equal.} 45. Rc1 Re3 $1 $36 {[%cal Re3e1][%mdl 2048] And now ...Re1 would win. Black is pushing.} 46. e6 {e7 is the strong threat.} Nd2 47. Rd6 Nxf1+ 48. Rxf1 Rhxh3+ 49. Kg2 Rhg3+ $1 {Accuracy: White = 51%, Black = 55%.} 1/2-1/2

[Event "25th Zadar Open 2018"]
[Site "Zadar"]
[Date "2018.12.20"]
[Round "7.4"]
[White "Livaic, Leon"]
[Black "Loiseau, Quentin"]
[Result "1/2-1/2"]
[WhiteElo "2474"]
[BlackElo "2443"]
[Annotator "TA"]
[PlyCount "97"]
[EventDate "2018.12.15"]
[EventType "swiss"]
[EventCountry "CRO"]
[SourceTitle "playchess.com"]
[Source "ChessBase"]
[SourceQuality "1"]

{[%evp 19,97,-6,0,0,0,-8,-6,0,-11,-1,-6,0,62,62,54,55,92,95,86,89,121,102,113,131,122,66,238,79,79,73,57,56,54,57,57,57,50,53,56,55,47,50,47,42,95,79,100,104,102,107,106,105,124,126,128,135,143,128,120,120,120,122,149,147,141,104,105,79,95,51,93,45,45,0,0,0,0,0,0,0]} 1. d4 Nf6 2. Nf3 d5 3. Bf4 c5 4. e3 Nc6 5. Nbd2 (5. c3 e6 6. Nbd2 cxd4 7. exd4 Nh5 8. Bg5 f6 9. Be3 Bd6 10. Bb5 O-O 11. O-O Ne7 12. Re1 Bd7 13. Bd3 g6 14. Bh6 Rf7 {½-½ (83) Caruana,F (2822)-Aronian,L (2767) chess.com INT 2018}) 5... Qb6 6. dxc5 {D02: 1 d4 d5 2 Nf3 sidelines, including 2...Nf6 3 g3 and 2...Nf6 3 Bf4} Qxb2 7. Rb1 Qc3 8. Bb5 e6 9. O-O Be7 10. Ne5 Bd7 {LiveBook: 11 Games} 11. Nxd7 Nxd7 12. e4 O-O 13. exd5 exd5 14. Ne4 $146 dxe4 15. Qxd7 Qxc5 ({Black should play} 15... Bxc5 $11 16. Qxb7 Rac8) 16. Qxb7 $14 Nd4 $1 17. Be3 $36 {[%mdl 2048] [#] Bxd4 is the strong threat. White is more active.} Bd6 18. Rfd1 Rab8 19. Qxe4 Bxh2+ 20. Kxh2 Qh5+ 21. Kg1 Nxb5 22. Rd5 ({Better is} 22. Qb4 $16) 22... Qe2 $2 (22... Nd6 $14 23. Rxb8 (23. Rxh5 $2 {too greedy.} Rxb1+ 24. Kh2 Nxe4 $19) 23... Rxb8 24. Rxh5 Nxe4) 23. Qd3 $2 (23. Qh4 $18 {has better winning chances. Black must now prevent Rd2.} Qxc2 24. Rbxb5 Rxb5 25. Rxb5) 23... Qxd3 $16 24. Rxd3 a6 25. c4 {[#] And now Bf4 would win.} Nc7 26. Rxb8 Rxb8 $14 {[%mdl 4096] Endgame KRB-KRN} 27. Rd6 Kf8 28. Rc6 Rb7 29. Bf4 Ne6 30. Bd6+ Ke8 31. Rxa6 Rb1+ 32. Kh2 Rc1 33. Ra7 Rxc4 34. Re7+ Kd8 35. Rxf7 Rh4+ 36. Kg1 Rd4 37. Be5 Rd1+ 38. Kh2 Rd2 39. Bxg7 Ke8 40. Ra7 Nxg7 41. Rxg7 {Hoping for f4.} Rxf2 $16 {KR-KR} 42. a3 ({Much less strong is} 42. Rxh7 $6 Rxa2 43. Rh6 Kf8 $14) 42... Ra2 43. Rg3 (43. Ra7 {is more complex.} h5 44. a4 Kd8 45. a5 Kc8 46. a6) 43... Kf7 44. Kh3 Kf6 45. Kg4 Kg6 46. Kf4+ Kf6 {The position is equal.} 47. Ke4 h5 48. Kd4 Kf5 49. Ke3 {Precision: White = 57%, Black = 57%.} 1/2-1/2

[Event "25th Zadar Open 2018"]
[Site "Zadar"]
[Date "2018.12.20"]
[Round "7.5"]
[White "Bukal, Vladimir Jr."]
[Black "Cvitan, Ognjen"]
[Result "1/2-1/2"]
[WhiteElo "2390"]
[BlackElo "2503"]
[Annotator "TA"]
[PlyCount "59"]
[EventDate "2018.12.15"]
[EventType "swiss"]
[EventCountry "CRO"]
[SourceTitle "playchess.com"]
[Source "ChessBase"]
[SourceQuality "1"]

{[%evp 9,59,-40,0,3,5,4,17,0,0,-11,25,20,19,0,0,-24,0,0,2,0,12,0,0,-3,0,-118,4,0,8,8,8,10,24,14,17,0,0,0,14,25,16,24,49,42,47,41,38,43,45,45,37,45]} 1. d4 Nf6 2. Bf4 d5 3. e3 c5 4. Nf3 Nc6 5. Bb5 (5. c3 e6 6. Nbd2 cxd4 7. exd4 Nh5 8. Bg5 f6 9. Be3 Bd6 10. Bb5 O-O 11. O-O Ne7 12. Re1 Bd7 13. Bd3 g6 14. Bh6 Rf7 {½-½ (83) Caruana,F (2822)-Aronian,L (2767) chess.com INT 2018}) 5... cxd4 {LiveBook: 3 Games} 6. Nxd4 {D02: 1 d4 d5 2 Nf3 sidelines, including 2...Nf6 3 g3 and 2...Nf6 3 Bf4} Bd7 7. O-O $146 ({Predecessor:} 7. Nxc6 bxc6 8. Bd3 g6 9. c4 Bg7 10. Nc3 O-O 11. Rb1 Be6 12. cxd5 Nxd5 13. Nxd5 Qxd5 {0-1 (41) Salenieks,E (1784)-Romanov,E (2586) Liepaja 2015}) 7... g6 8. c4 {The position is equal.} Bg7 9. Nc3 Nxd4 10. Qxd4 Bxb5 11. Nxb5 {[#] Strongly threatening Nc7+.} O-O 12. Rfd1 {[%cal Rc4d5]} dxc4 13. Qxc4 Qb6 14. Bc7 Qa6 15. Rac1 Rfc8 16. Qb3 Ne8 17. Rd7 {[#]} (17. f4 $11 {keeps the balance.}) 17... Qf6 ({Better is} 17... Qe6 $1 $17 {[%cal Re6d7]} 18. Qxe6 fxe6) 18. Nd4 $11 e5 19. Ne2 Qf5 20. Qd5 e4 {...Qxd5 is the strong threat.} 21. Qxf5 gxf5 22. g3 Bxb2 23. Rb1 Rxc7 24. Rxc7 Nxc7 25. Rxb2 {KRN-KRN} b6 26. Nd4 {White is slightly better.} Ne6 {next ...Nxd4 is good for Black.} 27. Nxf5 Rd8 28. g4 Rd1+ 29. Kg2 Nc5 30. Rc2 {Precision: White = 58%, Black = 58%.} 1/2-1/2

[Event "25th Zadar Open 2018"]
[Site "Zadar"]
[Date "2018.12.20"]
[Round "7.6"]
[White "Loncar, Robert"]
[Black "Plenca, Jadranko"]
[Result "1/2-1/2"]
[WhiteElo "2397"]
[BlackElo "2475"]
[Annotator "TA"]
[PlyCount "48"]
[EventDate "2018.12.15"]
[EventType "swiss"]
[EventCountry "CRO"]
[SourceTitle "playchess.com"]
[Source "ChessBase"]
[SourceQuality "1"]

{[%evp 27,48,0,-33,-41,-35,-41,-34,-39,-40,-36,32,24,27,0,0,0,22,0,0,0,20,0,0]} 1. e4 c5 2. Nf3 d6 3. d4 cxd4 4. Nxd4 Nf6 5. Nc3 g6 6. Be3 Bg7 7. f3 O-O 8. Qd2 Nc6 9. O-O-O d5 10. exd5 Nxd5 11. Nxc6 bxc6 12. Nxd5 cxd5 13. Bh6 Bxh6 14. Qxh6 Qa5 {LiveBook: 15 Games} 15. h4 $146 {[#] Threatens to win with h5. B76: Sicilian Dragon: Yugoslav Attack, 9 g4 and 9 0-0-0} ({Predecessor:} 15. Kb1 e5 16. h4 Rb8 17. Bd3 e4 18. fxe4 dxe4 19. Bc4 Bg4 20. Rd5 Qb6 21. b3 Rbd8 22. h5 Rxd5 23. Bxd5 gxh5 24. Qxb6 axb6 25. Bxe4 {½-½ (57) Mutschnik,I (2424)-Cacciola,A (2184) Switzerland 2018}) 15... Qxa2 {Hoping for ...Bf5.} 16. h5 Bf5 17. hxg6 {Black is slightly better.} Bxg6 {Strongly threatening ...e5.} 18. Bd3 Qa1+ (18... Rfb8 $15 19. b3 Qa1+ 20. Kd2 Qg7) 19. Kd2 $11 {[%mdl 1024] White has compensation.} Qa5+ 20. Kc1 {[#] Bxg6 would kill now.} Qa1+ {The position is equal.} 21. Kd2 {White threatens Bxg6 and mate.} Qa5+ 22. Kc1 {Intending Bxg6 and mate.} Qa1+ 23. Kd2 {Threatening mate with Bxg6.} Qa5+ 24. Kc1 {White wants to mate with Bxg6.} Qa1+ 1/2-1/2

[Event "25th Zadar Open 2018"]
[Site "Zadar"]
[Date "2018.12.20"]
[Round "7.7"]
[White "Tomazini, Zan"]
[Black "Salimova, Nurgyul"]
[Result "0-1"]
[WhiteElo "2437"]
[BlackElo "2377"]
[Annotator "ChessBase"]
[PlyCount "120"]
[EventDate "2018.12.15"]
[EventType "swiss"]
[EventCountry "CRO"]
[SourceTitle "playchess.com"]
[Source "ChessBase"]
[SourceQuality "1"]
[TimeControl "40/5400+30:1800+30"]

1. e4 {[%emt 0:00:30]} e5 {[%emt 0:00:30]} 2. Nf3 {[%emt 0:00:00]} Nc6 {[%emt 0:00:00]} 3. d4 {[%emt 0:00:00]} exd4 {[%emt 0:00:00]} 4. Nxd4 {[%emt 0:00:30]} Nf6 {[%emt 0:00:30]} 5. Nxc6 {[%emt 0:00:00]} bxc6 {[%emt 0:00:00]} 6. e5 {[%emt 0:00:00]} Qe7 {[%emt 0:00:00]} 7. Qe2 {[%emt 0:00:30]} Nd5 {[%emt 0:00:30]} 8. c4 {[%emt 0:00:00]} Nb6 {[%emt 0:00:30]} 9. Nd2 {[%emt 0:00:00]} Qe6 {[%emt 0:04:30]} 10. Qe4 {[%emt 0:03:30]} d5 {[%emt 0:11:30]} 11. exd6 {[%emt 0:00:30]} cxd6 {[%emt 0:02:30]} 12. Be2 {[%emt 0:03:30]} Qxe4 {[%emt 0:10:30]} 13. Nxe4 {[%emt 0:00:00]} Bf5 {[%emt 0:00:30]} 14. Ng3 {[%emt 0:05:00]} Be6 {[%emt 0:00:30]} 15. b3 {[%emt 0:00:30]} d5 {[%emt 0:00:30]} 16. cxd5 {[%emt 0:00:30]} Bb4+ {[%emt 0:01:30]} 17. Bd2 {[%emt 0:00:30]} Bxd2+ {[%emt 0:01:30]} 18. Kxd2 {[%emt 0:00:30]} O-O-O {[%emt 0:08:30]} 19. Ke1 {[%emt 0:07:30]} Bxd5 {[%emt 0:02:30]} 20. f3 {[%emt 0:01:30]} g6 {[%emt 0:03:30]} 21. Ba6+ {[%emt 0:02:30]} Kc7 {[%emt 0:00:30]} 22. Kf2 {[%emt 0:00:30]} Nd7 {[%emt 0:03:30]} 23. Rac1 {[%emt 0:03:30]} Kb6 {[%emt 0:00:30]} 24. Be2 {[%emt 0:00:30]} f5 {[%emt 0:04:30]} 25. Rhd1 {[%emt 0:02:30]} Ne5 {[%emt 0:08:30]} 26. Rc3 {[%emt 0:09:30]} h5 {[%emt 0:11:30]} 27. h4 {[%emt 0:03:30]} Bf7 {[%emt 0:09:59]} 28. Rxd8 {[%emt 0:12:30]} Rxd8 {[%emt 0:00:02]} 29. Ke3 {[%emt 0:00:30]} c5 {[%emt 0:02:34]} 30. Kf4 {[%emt 0:02:30]} Nc6 {[%emt 0:00:52]} 31. Rd3 {[%emt 0:15:30]} Nd4 {[%emt 0:00:45]} 32. Bf1 {[%emt 0:00:30]} Re8 {[%emt 0:04:39]} 33. Kg5 {[%emt 0:02:30]} Re1 {[%emt 0:01:31]} 34. f4 {[%emt 0:02:30]} Be8 {[%emt 0:01:37]} 35. b4 {[%emt 0:06:09]} Ne6+ {[%emt 0:02:43]} 36. Kf6 {[%emt 0:00:05]} Nxf4 {[%emt 0:00:13]} 37. bxc5+ {[%emt 0:05:59]} Kxc5 {[%emt 0:00:25]} 38. Rc3+ {[%emt 0:00:55]} Kd6 {[%emt 0:00:28]} 39. Ra3 {[%emt 0:01:25]} Nd5+ {[%emt 0:00:20]} 40. Kg5 {[%emt 0:00:00]} f4 {[%emt 0:00:00]} 41. Ra6+ {[%emt 0:05:57]} Ke5 {[%emt 0:05:22]} 42. Rxa7 {[%emt 0:09:30]} fxg3 {[%emt 0:00:30]} 43. Bc4 {[%emt 0:00:30]} Re4 {[%emt 0:00:30]} 44. Bb3 {[%emt 0:01:30]} Rg4+ {[%emt 0:00:30]} 45. Kh6 {[%emt 0:00:30]} Rxh4 {[%emt 0:00:30]} 46. Ra8 {[%emt 0:01:30]} Nc7 {[%emt 0:03:30]} 47. Ra5+ {[%emt 0:01:30]} Kf6 {[%emt 0:02:30]} 48. Rc5 {[%emt 0:02:30]} Ne6 {[%emt 0:01:30]} 49. Rc3 {[%emt 0:01:30]} Nd4 {[%emt 0:00:30]} 50. a4 {[%emt 0:02:29]} Nf5+ {[%emt 0:01:30]} 51. Kh7 {[%emt 0:00:05]} Bxa4 {[%emt 0:00:30]} 52. Bxa4 {[%emt 0:01:48]} Rxa4 {[%emt 0:00:00]} 53. Rc6+ {[%emt 0:00:04]} Ke5 {[%emt 0:00:00]} 54. Rxg6 {[%emt 0:01:00]} Ra7+ {[%emt 0:00:30]} 55. Kh8 {[%emt 0:00:06]} Ra2 {[%emt 0:00:00]} 56. Rb6 {[%emt 0:06:42]} Rxg2 {[%emt 0:01:00]} 57. Rb5+ {[%emt 0:00:07]} Kf4 {[%emt 0:00:30]} 58. Rb4+ {[%emt 0:00:08]} Kf3 {[%emt 0:00:30]} 59. Rb3+ {[%emt 0:00:04]} Ne3 {[%emt 0:00:00]} 60. Rb5 {[%emt 0:00:16]} Rh2 {[%emt 0:00:00]} 0-1

[Event "25th Zadar Open 2018"]
[Site "Zadar"]
[Date "2018.12.20"]
[Round "7.8"]
[White "Rezan, Sasa"]
[Black "Sutkovic, Damir"]
[Result "1-0"]
[WhiteElo "2421"]
[BlackElo "2345"]
[Annotator "TA"]
[PlyCount "122"]
[EventDate "2018.12.15"]
[EventType "swiss"]
[EventCountry "CRO"]
[SourceTitle "playchess.com"]
[Source "ChessBase"]
[SourceQuality "1"]

{[%evp 15,122,37,45,45,85,80,140,132,124,80,83,78,80,77,105,84,96,81,95,81,115,87,253,61,162,152,175,163,225,133,138,0,193,0,151,137,183,89,148,82,109,98,99,107,123,91,134,74,77,89,90,88,82,19,37,13,20,14,113,0,0,0,62,0,66,70,119,104,120,84,83,77,93,0,-40,-21,-48,-74,-72,-114,-104,-265,-260,-281,-126,-118,-36,-34,239,228,551,543,518,518,458,437,436,427,981,948,1462,1084,1900,1790,1590,934,2593,617,618]} 1. d4 Nf6 2. Nf3 c5 3. d5 e6 4. Nc3 d6 5. e4 a6 (5... e5 6. Bb5+ Nbd7 7. a4 Be7 8. O-O O-O 9. a5 Ne8 10. a6 Nc7 11. axb7 Bxb7 12. Bd3 Nb6 13. Nd2 Bg5 {1-0 (40) Mirzoev,A (2525)-Kriebel,T (2484) Konya 2016}) 6. dxe6 {A43: Schmid Benoni} Bxe6 7. Ng5 Nc6 8. Nxe6 fxe6 {LiveBook: 4 Games} 9. g3 Be7 10. Bh3 $146 ({Predecessor:} 10. Bg2 O-O 11. O-O Ne8 12. Be3 {½-½ (22) Meier,K (2262)-Wyder,B (2322) ICCF email 2000}) 10... Kf7 (10... Nd4 $142) 11. O-O Re8 12. Ne2 Bf8 13. Nf4 Qc7 14. c3 b5 15. Re1 Rab8 16. a4 g6 17. Qe2 Bg7 18. Bd2 Ne5 $2 (18... bxa4 $16 19. Be3 (19. Rxa4 Rxb2 20. Rxa6 Ne5 $14) 19... a5) 19. Ra2 $2 (19. axb5 $18 {Bxe6+ is the strong threat.} axb5 20. Bxe6+ Kf8 21. Ra6) 19... Nc6 (19... c4 $14) 20. axb5 $18 axb5 21. Rea1 Re7 {[#]} (21... Ne5 $142 22. Ra7 Rb7) 22. Ra6 (22. e5 $1 $18 {[%mdl 512]} dxe5 (22... Nxe5 23. Nxe6) 23. Nd3) 22... Rb6 $16 23. R6a2 (23. Ra8 $16) 23... Rb8 $18 24. Re1 $2 (24. Be3 $18) 24... Rb6 $2 (24... Ree8 $1 $11) 25. Be3 $16 Rb8 26. Raa1 (26. Rea1 $18) 26... Nd7 ({Better is} 26... Ne5) 27. Bg2 (27. Ra6 $142) 27... Nde5 28. h4 Nc4 29. Bc1 N4e5 30. Nh3 Kg8 31. h5 (31. f4 $142) 31... c4 32. Bg5 Ree8 33. hxg6 hxg6 34. Red1 (34. Rf1 $16) 34... b4 $11 35. Bd2 Nd3 36. Rab1 b3 (36... Qa7 $11) 37. Qg4 (37. Be3 $16) 37... Nce5 38. Qh4 Nf7 (38... Rf8 $1 $11) 39. Be3 (39. Bf3 $14) 39... Ra8 ({Black should try} 39... Nxb2 $11 40. Rxb2 Bxc3) 40. Bf1 Nde5 41. Be2 Qc6 42. Rd4 Ra2 43. Ng5 Nxg5 44. Qxg5 (44. Bxg5 $16 Qa8 45. Rdd1 (45. Rxd6 Rxb2 {[%mdl 64] Deflection, Decoy} 46. Rxb2 Qa1+ {[%mdl 64] Double Attack} 47. Kg2 Qxb2 $11 {[%mdl 64] Double Attack})) 44... Kf7 $1 $15 {Threatens to win with ...Bf6.} 45. Qf4+ Bf6 $1 46. Bd2 g5 47. Qe3 g4 $1 48. Be1 $2 (48. Qh6 $17 {was called for.} Rh8 49. Qf4) 48... Rg8 $19 49. Qd2 Bg5 (49... Raa8 $19 {is more deadly. Hoping for ...Rg5.} 50. Qh6 Bg5 51. Qh7+ Kf6) 50. Qd1 $17 {[#]} Be7 (50... Bd8 $1 $17 51. Qc1 Rg6) 51. Bd2 $15 Nf3+ $2 {[%mdl 8192]} (51... Bf6 $15) 52. Bxf3 $18 e5 $2 (52... gxf3 {is a better chance.} 53. Qxf3+ Bf6) 53. Rd5 {White is clearly winning.} gxf3 54. Qxf3+ Ke8 55. Be3 Rh8 56. Qf5 Qa6 (56... Ra6 $142 57. Rbd1 Qd7 58. Rxe5 Qxf5 59. Rxf5 Ra2) 57. Kg2 Kd8 58. Qxe5 Rh7 59. Qe6 Kc7 60. e5 Ra5 61. Rbd1 (61. exd6+ $142 Bxd6 {[#]} 62. Rxd6 $1 {[%mdl 576] Remove Defender} Qxd6 63. Bf4 Qxf4 64. gxf4) 61... Rxd5 {Accuracy: White = 41%, Black = 36%.} 1-0

[Event "25th Zadar Open 2018"]
[Site "Zadar"]
[Date "2018.12.20"]
[Round "7.9"]
[White "Ustianovich, Nazar"]
[Black "Djukic, Nikola"]
[Result "0-1"]
[WhiteElo "2383"]
[BlackElo "2574"]
[Annotator "TA"]
[PlyCount "126"]
[EventDate "2018.12.15"]
[EventType "swiss"]
[EventCountry "CRO"]
[SourceTitle "playchess.com"]
[Source "ChessBase"]
[SourceQuality "1"]

{[%evp 22,126,14,0,0,-27,0,-47,-47,-39,-13,-26,0,0,0,-1,0,0,0,0,0,-7,-5,-13,0,0,10,-6,-20,-43,13,4,16,21,32,0,8,0,29,10,16,0,5,-29,-28,-29,-24,-69,-71,-76,-67,-63,-72,-63,-44,-120,-110,-116,-112,-111,-114,-143,-133,-150,-109,-754,-738,-761,-765,-706,-703,-665,-648,-759,-762,-750,-743,-1199,-97,-76,-74,-100,-94,-115,-124,-181,-177,-227,-208,-412,-366,-497,-327,-12809,-924,-5643,-5643,-29985,-29986,-29988,-29989,-29991,-29992,-29994,-29995,-29995,-29996]} 1. Nf3 g6 2. d4 Bg7 3. c4 d6 4. g3 Nd7 5. Bg2 e5 6. Nc3 Ne7 7. O-O O-O 8. dxe5 dxe5 {A41: 1 d4 d6: Tartakower System and Modern Defence} 9. Qc2 Nc6 10. Rd1 Nd4 11. Nxd4 exd4 12. Ne4 {LiveBook: 3 Games} h6 $146 ({Predecessor:} 12... Qe7 13. c5 Ne5 14. Rxd4 Nf3+ 15. Bxf3 Bxd4 16. Bg5 {0-1 (55) Iturrizaga Bonelli,E (2652)-Stefanova,A (2512) Caleta 2017}) 13. Rb1 Ne5 14. Nc5 Bf5 15. Nd3 Qc8 16. Bf4 Nc6 17. b4 g5 18. b5 Ne7 19. Bd2 Ng6 20. Qb3 Re8 21. Re1 Be4 22. f3 Bf5 23. Rbd1 Qe6 24. e4 dxe3 25. Bxe3 Bxd3 ({Better is} 25... Qxe3+ $15 26. Rxe3 Rxe3) 26. Rxd3 Ne5 27. Bf2 {f4 is the strong threat.} Qf5 28. Rd5 c6 29. Rd2 Re6 30. bxc6 bxc6 31. Red1 Ree8 32. Bd4 Rab8 33. Qc3 c5 34. Bxe5 Bxe5 35. Qc2 Bd4+ 36. Kh1 Qe6 37. Qd3 Qa6 38. Bf1 (38. f4 $15) 38... Re3 $17 39. Qf5 Qc6 $1 40. Bg2 Rbe8 41. Rf1 {[#]} Re1 $1 42. Qd5 Qb6 43. f4 $2 {[%mdl 8192]} (43. Rd1 $17 Rxd1 44. Rxd1) 43... Qb1 $19 44. Qf3 Rxf1+ 45. Bxf1 Re3 46. Rd1 Qc2 ({Weaker is} 46... Rxf3 47. Rxb1 gxf4 48. gxf4 $17) 47. Bd3 Qa4 ({Less strong is} 47... Rxf3 48. Bxc2 gxf4 49. gxf4 $17) 48. Qf1 {[#]} g4 $1 49. Bb1 Rf3 $2 (49... Qe8 $19 {is more deadly.} 50. Bf5 Re2 51. Bxg4 Rf2 52. Qxf2 Bxf2) 50. Qe2 $17 h5 $40 {[%mdl 128] White is in trouble.} 51. Qc2 Qxc2 52. Bxc2 {[%mdl 4096] Endgame KRB-KRB} Rf2 53. Bb3 (53. Bb1 $17 {might work better.}) 53... Kg7 54. Rc1 {[#]} h4 $1 {[%mdl 512]} 55. gxh4 $2 (55. Re1 {is a better defense.}) 55... Kh6 $19 56. Ba4 Kh5 57. Bc6 $2 (57. a3) 57... Kxh4 {And now ...Kh3 would win.} 58. Bg2 Rxa2 59. f5 a5 {[%cal Ba7a5,Ba5a4][%mdl 32] Black mates.} 60. f6 a4 61. Bd5 Kh3 {[%csl Gh3][%cal Ra2h2]} 62. Bg2+ Rxg2 {[%csl Gh3][%cal Rg2h2]} 63. Rc3+ g3 {Accuracy: White = 30%, Black = 64%.} 0-1

[Event "25th Zadar Open 2018"]
[Site "Zadar"]
[Date "2018.12.20"]
[Round "7.10"]
[White "Saric, Ibro"]
[Black "Volotovsky, Kirill"]
[Result "1/2-1/2"]
[WhiteElo "2559"]
[BlackElo "2179"]
[Annotator "TA"]
[PlyCount "104"]
[EventDate "2018.12.15"]
[EventType "swiss"]
[EventCountry "CRO"]
[SourceTitle "playchess.com"]
[Source "ChessBase"]
[SourceQuality "1"]

{[%evp 17,104,12,13,13,13,13,13,8,10,0,7,5,5,0,2,0,11,1,10,0,0,0,0,0,0,0,-8,-10,0,0,11,11,12,12,10,2,2,3,3,0,0,0,19,0,0,0,0,0,0,0,0,0,15,0,3,0,19,0,6,0,3,-27,-23,-137,-144,-156,-146,-142,-108,-118,-111,-97,0,0,0,-137,0,0,0,0,0,0,0,0,0,0,0,0,0]} 1. d4 Nf6 2. c4 e6 3. Nf3 d5 4. e3 a6 5. b3 c5 (5... dxc4 6. bxc4 c5 7. Bd3 cxd4 8. exd4 Bb4+ 9. Nbd2 O-O 10. Bb2 b5 11. c5 Bxc5 12. Bxh7+ Nxh7 13. dxc5 {½-½ (30) Artemiev,V (2706)-Rakhmanov,A (2634) Sochi 2018}) 6. Bb2 {D30: Queen's Gambit Declined: Systems without Nc3} Nc6 7. cxd5 exd5 8. Nc3 Bg4 9. Be2 Bxf3 {LiveBook: 3 Games} 10. Bxf3 {And now dxc5 would win.} cxd4 11. exd4 Bb4 12. O-O Bxc3 13. Bxc3 O-O $146 14. Qd3 Re8 15. Rae1 Qd7 16. a4 Rxe1 17. Rxe1 Re8 18. Rc1 Qd6 19. g3 h6 20. Kg2 Ne4 21. Re1 {[%cal Rf3e4]} f5 22. Bd1 {White wants to play f3.} Re6 23. Bb2 Qe7 24. f3 Nb4 25. Qf1 Ng5 26. Re5 Nf7 $132 {[%mdl 2048] Black is not holding back} 27. Rxe6 Qxe6 28. Bc3 Nc6 29. Qd3 g6 30. h4 h5 31. Qd2 Kg7 32. Kf2 Qe7 33. Qf4 Nfd8 34. Bd2 {Threatens to win with Qh6+.} Nf7 35. Bc2 Qf6 36. Bc3 Qd6 37. Qd2 Qe7 38. Bd3 Nfd8 39. Qe3 Ne6 40. Bd2 (40. Kg2 $11) 40... f4 $17 41. Qe1 fxg3+ 42. Kxg3 Qd6+ 43. Kg2 Nexd4 44. Qe3 Nf5 (44... Kf7 $17 45. b4 Qf6) 45. Bxf5 $1 $11 gxf5 46. Kh3 {[#]} (46. Qb6 $11 {keeps the balance.} Qe7 47. Bg5 Qe2+ 48. Kg3 Qe1+ 49. Kg2 Qe2+ 50. Kg1) 46... d4 ({Black should play} 46... f4 $1 $17 {[%cal Rf4e3][%mdl 512]} 47. Qxf4 Qxf4 48. Bxf4 Kf6) 47. Qe8 {The position is equal.} Qg6 48. Qd7+ Qf7 49. Qd6 Qf6 50. Qd7+ Qf7 51. Qd6 Qf6 52. Qd7+ Qf7 {Accuracy: White = 50%, Black = 66%.} 1/2-1/2